Využiteľnosť metódy Balanced scorecard (BSC) v podnikovej praxi

Salvato in:
Dettagli Bibliografici
Autore principale: Majtán, Štefan
Altri autori: Serina, Pavol
Natura: Capitolo di libro
Lingua:slovacco
Tags: Aggiungi Tag
Nessun Tag, puoi essere il primo ad aggiungerne!!

MARC

LEADER 00000naa$a2200000$$$4500
001 0060912
005 20240502071658.7
041 0 |a slo 
044 |a SK 
245 1 0 |a Využiteľnosť metódy Balanced scorecard (BSC) v podnikovej praxi  |c Štefan Majtán, Pavol Serina 
100 1 |a Majtán, Štefan 
700 1 |a Serina, Pavol